A postscript to the records of the Indian Mutiny : (Record no. 329838)
[ view plain ]
| 000 -LEADER | |
|---|---|
| fixed length control field | 01226cam a2200289 a 4500 |
| 001 - CONTROL NUMBER | |
| control field | 15024121 |
| 003 - CONTROL NUMBER IDENTIFIER | |
| control field | NUST |
| 005 - DATE AND TIME OF LATEST TRANSACTION | |
| control field | 20170523141803.0 |
| 008 - FIXED-LENGTH DATA ELEMENTS--GENERAL INFORMATION | |
| fixed length control field | 070927r20071927pk 011 0 eng |
| 010 ## - LIBRARY OF CONGRESS CONTROL NUMBER | |
| LC control number | 2007432349 |
| 020 ## - INTERNATIONAL STANDARD BOOK NUMBER | |
| International Standard Book Number | 9693520025 |
| 040 ## - CATALOGING SOURCE | |
| Original cataloging agency | DLC |
| Transcribing agency | DLC |
| 043 ## - GEOGRAPHIC AREA CODE | |
| Geographic area code | a-ii--- |
| 050 00 - LIBRARY OF CONGRESS CALL NUMBER | |
| Classification number | DS478 |
| Item number | .G56 2007 |
| 082 ## - DEWEY DECIMAL CLASSIFICATION NUMBER | |
| Classification number | 954.912 GIM |
| 100 1# - MAIN ENTRY--PERSONAL NAME | |
| Personal name | Gimlette, G. H. D. |
| Fuller form of name | (George Hart Desmond), |
| Dates associated with a name | 1855- |
| 9 (RLIN) | 1355 |
| 245 12 - TITLE STATEMENT | |
| Title | A postscript to the records of the Indian Mutiny : |
| Remainder of title | an attempt to trace the subsequent careers and fate of the rebel Bengal regiments, 1857-1858 / |
| Statement of responsibility, etc. | by G.H.D. Gimlette. |
| 260 ## - PUBLICATION, DISTRIBUTION, ETC. | |
| Place of publication, distribution, etc. | Lahore : |
| Name of publisher, distributor, etc. | Sang-e-Meel Publications, |
| Date of publication, distribution, etc. | 2007. |
| 300 ## - PHYSICAL DESCRIPTION | |
| Extent | 222 p. ; |
| Dimensions | 24 cm. |
| 500 ## - GENERAL NOTE | |
| General note | Originally published: London : H.F. & G. Witherby, 1927. |
| 500 ## - GENERAL NOTE | |
| General note | "On the occasion of 150th anniversary of the war of freedom, 1857"--p. [4] of cover. |
| 500 ## - GENERAL NOTE | |
| General note | Includes index. |
| 610 10 - SUBJECT ADDED ENTRY--CORPORATE NAME | |
| Corporate name or jurisdiction name as entry element | India. |
| Subordinate unit | Army |
| General subdivision | History |
| Chronological subdivision | 19th century. |
| 9 (RLIN) | 1356 |
| 651 #0 - SUBJECT ADDED ENTRY--GEOGRAPHIC NAME | |
| Geographic name | India |
| General subdivision | History |
| Chronological subdivision | Sepoy Rebellion, 1857-1858 |
| General subdivision | Regimental histories. |
| 9 (RLIN) | 1357 |
| 651 #0 - SUBJECT ADDED ENTRY--GEOGRAPHIC NAME | |
| Geographic name | India |
| General subdivision | History, Military |
| Chronological subdivision | 19th century. |
| 9 (RLIN) | 1358 |
| 906 ## - LOCAL DATA ELEMENT F, LDF (RLIN) | |
| a | 7 |
| b | cbc |
| c | orignew |
| d | 3 |
| e | ncip |
| f | 20 |
| g | y-gencatlg |
| 942 ## - ADDED ENTRY ELEMENTS (KOHA) | |
| Source of classification or shelving scheme | |
| Koha item type | Book |
| Withdrawn status | Lost status | Source of classification or shelving scheme | Damaged status | Not for loan | Permanent Location | Current Location | Date acquired | Total Checkouts | Full call number | Barcode | Date last seen | Price effective from | Koha item type |
|---|---|---|---|---|---|---|---|---|---|---|---|---|---|
| School of Civil and Environmental Engineering (SCEE) | School of Civil and Environmental Engineering (SCEE) | 05/23/2017 | 954.912 GIM | NIT-8727 | 05/23/2017 | 05/23/2017 | Book |
